Statistiken für Alle Bundesligavereine

Klicken Sie hier um das Quiz zu spielen!

Allgemein

  • Dieses Quiz wurde 146 mal gespielt
  • Das Durchschnittsergebnis liegt bei 44 aus 57

Antwortstatistiken

Verein% Korrekt
Bayer 04 Leverkusen
99%
Borussia Dortmund
96%
Hamburger SV
94%
FC Schalke 04
93%
SV Werder Bremen
93%
Hertha BSC Berlin
92%
1. FC Nürnberg
91%
1. FC Union Berlin
91%
Eintracht Frankfurt
91%
VfL Wolfsburg
91%
RB Leipzig
90%
SC Freiburg
90%
1. FC Kaiserslautern
89%
1. FSV Mainz 05
89%
FC Augsburg
89%
FC Bayern München
89%
FC St. Pauli
89%
VfB Stuttgart
89%
VfL Bochum
89%
SV Darmstadt 98
88%
Hannover 96
87%
SG Dynamo Dresden
87%
TSV 1860 München
87%
1. FC Heidenheim
86%
1. FC Köln
86%
Borussia M'Gladbach
86%
Fortuna Düsseldorf
85%
Alemannia Aachen
84%
SpVgg Greuther Fürth
84%
DSC Arminia Bielefeld
83%
Eintracht Braunschweig
83%
FC Hansa Rostock
83%
Karlsruher SC
82%
MSV Duisburg
80%
Rot-Weiss Essen
80%
TSG 1899 Hoffenheim
80%
1. FC Saarbrücken
77%
SC Paderborn 07
75%
Stuttgarter Kickers
74%
SC Preußen Münster
71%
SV Waldhof Mannheim
70%
FC Ingolstadt 04
69%
FC Energie Cottbus
66%
Rot-Weiß Oberhausen
65%
SC Tasmania 1900 Berlin
61%
SSV Ulm 1846 Fußball
61%
SC Fortuna Köln
60%
VfB Leipzig
60%
SpVgg Unterhaching
57%
Kickers Offenbach
56%
Tennis Borussia Berlin
50%
Wuppertaler SV
50%
KFC Uerdingen 05
47%
FC 08 Homburg
46%
SG Wattenscheid 09
41%
SpVgg Blau-Weiß 90 Berlin
41%
Borussia Neunkirchen
35%

Verteilung der Resultate

Perzentil nach korrekt beantworteten Fragen

Anzahl Personen mit jedem Resultat

Ihre Resultats-Entwicklung

Sie haben dieses Quiz noch nicht gespielt